Territory Capitals - Statistics

General Stats
  • This quiz has been taken 431 times
  • The average score is 23 of 47
Answer Stats
Territory Capital % Correct
Puerto Rico San Juan
80%
Gibraltar Gibraltar
78%
Greenland Nuuk
78%
French Guiana Cayenne
74%
Niue Alofi
66%
Pitcairn Islands Adamstown
65%
Bermuda Hamilton
63%
American Samoa Pago Pago
63%
Aruba Oranjestad
62%
Isle of Man Douglas
60%
Falkland Islands Stanley
60%
Turks and Caicos Islands Cockburn Town
58%
Curacao Willemstad
58%
United States Virgin Islands Charlotte Amalie
57%
French Polynesia Papeete
56%
Faroe Islands Torshavn
56%
Guam Hagatna
55%
New Caledonia Noumea
55%
British Virgin Islands Road Town
55%
Northern Mariana Islands Saipan
55%
Cayman Islands George Town
54%
Ascension Island Georgetown
54%
Christmas Island Flying Fish Cove
53%
Montserrat Plymouth or Brades Estate
53%
Saint Pierre and Miquelon Saint Pierre
51%
Cook Islands Avarua
50%
Tristan da Cunha Edinburgh of the Seven Seas
50%
Saint Helena Jamestown
50%
Northern Cyprus Nicosia
50%
Jersey Saint Helier
50%
Guernsey Saint Peter Port
48%
Sint Maarten Philipsburg
47%
Anguilla The Valley
47%
Norfolk Island Kingston
45%
Wallis and Futuna Mata-Utu
45%
Saint Barthelemy Gustavia
44%
Cocos (Keeling) Islands West Island
40%
Transnistria Tiraspol
37%
Saint Martin Marigot
36%
Easter Island Hanga Roa
35%
Somaliland Hargeisa
31%
Western Sahara El Aaiun
24%
Abkhazia Sukhumi
22%
Nagorno-Karabakh Republic Stepanakert
19%
Akrotiri and Dhekelia Episkopi Cantonment
17%
South Ossetia Tskhinvali
14%
South Georgia and the South Sandwich Islands Grytviken
12%
No matching quizzes found
Score Distribution
Percent of People with Each Score
Percentile by Number Answered
Your Score History
You have not taken this quiz